[Event "European Chess Club Cup 2023"]
[Site "Durres, Albania"]
[Date "2023.10.06"]
[Round "6.68"]
[White "Hamitevici, Vladimir"]
[Black "Bokros, Albert"]
[Result "0-1"]
[TimeControl "90' + 30' & 30\""]
[WhiteElo "2482"]
[BlackElo "2447"]

1. e4 {[%clk 01:30:48]} {[%emt 00:00:11]} c5 {[%clk 01:30:51]} {[%emt
00:00:09]} 2. Nf3 {[%clk 01:30:21]} {[%emt 00:00:58]} e6 {[%clk 01:31:15]}
{[%emt 00:00:06]} 3. g3 {[%clk 01:30:25]} {[%emt 00:00:27]} Nc6 {[%clk
01:30:52]} {[%emt 00:00:52]} 4. d4 {[%clk 01:30:01]} {[%emt 00:00:54]} cxd4
{[%clk 01:30:48]} {[%emt 00:00:35]} 5. Nxd4 {[%clk 01:30:29]} {[%emt 00:00:02]}
Nf6 {[%clk 01:27:55]} {[%emt 00:03:22]} 6. Bg2 {[%clk 01:30:39]} {[%emt
00:00:20]} d6 {[%clk 01:27:15]} {[%emt 00:01:10]} 7. O-O {[%clk 01:27:54]}
{[%emt 00:03:16]} Bd7 {[%clk 01:24:22]} {[%emt 00:03:22]} 8. b3 {[%clk
01:25:43]} {[%emt 00:02:41]} a6 {[%clk 01:24:04]} {[%emt 00:00:47]} 9. Bb2
{[%clk 01:24:39]} {[%emt 00:01:34]} Be7 {[%clk 01:24:07]} {[%emt 00:00:28]} 10.
h3 {[%clk 01:18:40]} {[%emt 00:06:29]} Rc8 {[%clk 01:21:09]} {[%emt 00:03:28]}
11. Ne2 {[%clk 01:11:26]} {[%emt 00:07:43]} O-O {[%clk 01:19:47]} {[%emt
00:01:53]} 12. Nbc3 {[%clk 01:03:22]} {[%emt 00:08:34]} b5 {[%clk 01:17:37]}
{[%emt 00:02:39]} 13. a3 {[%clk 01:02:53]} {[%emt 00:00:59]} Qb6 {[%clk
01:14:09]} {[%emt 00:03:58]} 14. Kh2 {[%clk 01:03:09]} {[%emt 00:00:14]} Rfd8
{[%clk 01:13:06]} {[%emt 00:01:33]} 15. f4 {[%clk 00:59:09]} {[%emt 00:04:31]}
b4 {[%clk 01:08:32]} {[%emt 00:05:04]} 16. Na4 {[%clk 00:56:27]} {[%emt
00:03:12]} Qb8 {[%clk 01:06:56]} {[%emt 00:02:06]} 17. axb4 {[%clk 00:51:48]}
{[%emt 00:05:09]} Nxb4 {[%clk 01:06:04]} {[%emt 00:01:22]} 18. c4 {[%clk
00:49:54]} {[%emt 00:02:22]} d5 {[%clk 01:02:49]} {[%emt 00:03:47]} 19. Be5
{[%clk 00:47:49]} {[%emt 00:02:34]} Qb7 {[%clk 00:57:09]} {[%emt 00:06:10]} 20.
exd5 {[%clk 00:33:54]} {[%emt 00:14:26]} exd5 {[%clk 00:57:07]} {[%emt
00:00:32]} 21. Nd4 {[%clk 00:33:00]} {[%emt 00:01:23]} Qa7 {[%clk 00:51:40]}
{[%emt 00:05:58]} 22. c5 {[%clk 00:32:34]} {[%emt 00:00:55]} Ne4 {[%clk
00:43:00]} {[%emt 00:09:11]} 23. Nb6 {[%clk 00:31:11]} {[%emt 00:01:52]} Rxc5
{[%clk 00:41:19]} {[%emt 00:02:13]} 24. Nxd7 {[%clk 00:30:39]} {[%emt
00:01:01]} Qxd7 {[%clk 00:40:58]} {[%emt 00:00:50]} 25. f5 {[%clk 00:28:42]}
{[%emt 00:02:27]} Bd6 {[%clk 00:38:14]} {[%emt 00:03:15]} 26. Bf4 {[%clk
00:23:42]} {[%emt 00:05:31]} Rc3 {[%clk 00:35:11]} {[%emt 00:03:32]} 27. Ne2
{[%clk 00:20:04]} {[%emt 00:04:07]} Rd3 {[%clk 00:32:14]} {[%emt 00:03:28]} 28.
Qb1 {[%clk 00:20:33]} Nd2 {[%clk 00:27:23]} {[%emt 00:05:23]} 29. Bxd2 {[%clk
00:19:58]} {[%emt 00:01:04]} Rxd2 {[%clk 00:27:43]} {[%emt 00:00:10]} 30. Qe1
{[%clk 00:19:13]} {[%emt 00:01:15]} Rd3 {[%clk 00:24:52]} {[%emt 00:03:21]} 31.
Nf4 {[%clk 00:19:15]} {[%emt 00:00:28]} Rxb3 {[%clk 00:23:34]} {[%emt
00:01:48]} 32. Qd1 {[%clk 00:18:50]} {[%emt 00:00:55]} Rc3 {[%clk 00:14:27]}
{[%emt 00:09:37]} 33. Nh5 {[%clk 00:16:12]} {[%emt 00:03:08]} Be5 {[%clk
00:13:26]} {[%emt 00:01:31]} 34. Kh1 {[%clk 00:08:54]} {[%emt 00:07:48]} Nc2
{[%clk 00:10:35]} {[%emt 00:03:21]} 35. Rxa6 {[%clk 00:08:12]} {[%emt
00:01:12]} Ne3 {[%clk 00:10:01]} {[%emt 00:01:04]} 36. Qe2 {[%clk 00:08:16]}
{[%emt 00:00:26]} Re8 {[%clk 00:06:59]} {[%emt 00:03:32]} 37. Rf2 {[%clk
00:03:53]} {[%emt 00:04:53]} Nxf5 {[%clk 00:05:13]} {[%emt 00:02:16]} 38. Qa2
{[%clk 00:02:44]} {[%emt 00:01:39]} Rc1+ {[%clk 00:03:04]} {[%emt 00:02:39]} 39.
Kh2 {[%clk 00:02:34]} {[%emt 00:00:39]} g6 {[%clk 00:02:35]} {[%emt 00:00:59]}
40. Qxd5 {[%clk 00:02:02]} {[%emt 00:01:02]} Qc7 {[%clk 00:01:08]} {[%emt
00:01:58]} 41. Ra3 {[%clk 00:07:41]} {[%emt 00:24:50]} gxh5 {[%clk 00:25:00]}
{[%emt 00:06:39]} 42. Rxf5 {[%clk 00:08:03]} {[%emt 00:00:08]} h4 {[%clk
00:25:03]} {[%emt 00:00:27]} 43. Rg5+ {[%clk 00:08:14]} {[%emt 00:00:19]} Kh8
{[%clk 00:24:15]} {[%emt 00:01:18]} 44. Be4 {[%clk 00:07:56]} {[%emt 00:00:47]}
hxg3+ {[%clk 00:22:42]} {[%emt 00:02:04]} 45. Kg2 {[%clk 00:07:32]} {[%emt
00:00:54]} Rc2+ {[%clk 00:19:05]} {[%emt 00:04:07]} 46. Bxc2 {[%clk 00:07:08]}
{[%emt 00:00:54]} Qxc2+ {[%clk 00:19:29]} {[%emt 00:00:06]} 47. Kf3 {[%clk
00:07:35]} {[%emt 00:00:04]} Qf2+ {[%clk 00:17:24]} {[%emt 00:02:35]} 48. Kg4
{[%clk 00:08:02]} {[%emt 00:00:02]} Qf4+ {[%clk 00:17:14]} {[%emt 00:00:39]} 49.
Kh5 {[%clk 00:08:31]} {[%emt 00:00:02]} h6 {[%clk 00:16:37]} {[%emt 00:01:07]}
50. Kxh6 {[%clk 00:04:32]} {[%emt 00:04:29]} Qh4+ {[%clk 00:16:37]} {[%emt
00:00:31]} 0-1

[Event "European Chess Club Cup 2023"]
[Site "Durres, Albania"]
[Date "2023.10.06"]
[Round "6.69"]
[White "Borhy, Marcell"]
[Black "Atlas, Valery"]
[Result "1/2-1/2"]
[TimeControl "90' + 30' & 30\""]
[WhiteElo "2390"]
[BlackElo "2423"]

1. c4 {[%clk 01:30:57]} {[%emt 00:00:02]} Nf6 {[%clk 01:30:51]} {[%emt
00:00:09]} 2. g3 {[%clk 01:31:16]} {[%emt 00:00:10]} e6 {[%clk 01:31:10]}
{[%emt 00:00:12]} 3. Bg2 {[%clk 01:31:31]} {[%emt 00:00:15]} d5 {[%clk
01:31:31]} {[%emt 00:00:09]} 4. Nf3 {[%clk 01:31:53]} {[%emt 00:00:08]} Be7
{[%clk 01:31:41]} {[%emt 00:00:19]} 5. O-O {[%clk 01:31:58]} {[%emt 00:00:26]}
O-O {[%clk 01:32:03]} {[%emt 00:00:07]} 6. d4 {[%clk 01:32:25]} {[%emt
00:00:04]} c6 {[%clk 01:32:22]} {[%emt 00:00:11]} 7. Nc3 {[%clk 01:31:07]}
{[%emt 00:01:47]} Nbd7 {[%clk 01:32:02]} {[%emt 00:00:50]} 8. Qd3 {[%clk
01:26:43]} {[%emt 00:04:55]} b6 {[%clk 01:23:50]} {[%emt 00:08:42]} 9. Rd1
{[%clk 01:24:44]} {[%emt 00:02:28]} Ba6 {[%clk 01:21:32]} {[%emt 00:02:49]} 10.
b3 {[%clk 01:25:06]} {[%emt 00:00:08]} Rc8 {[%clk 01:15:10]} {[%emt 00:06:52]}
11. e4 {[%clk 01:24:33]} {[%emt 00:01:03]} c5 {[%clk 01:09:37]} {[%emt
00:06:03]} 12. exd5 {[%clk 01:24:42]} {[%emt 00:00:21]} exd5 {[%clk 01:09:39]}
{[%emt 00:00:28]} 13. Qf1 {[%clk 01:25:04]} {[%emt 00:00:07]} dxc4 {[%clk
01:02:07]} {[%emt 00:08:03]} 14. d5 {[%clk 01:25:20]} {[%emt 00:00:14]} Bd6
{[%clk 01:01:54]} {[%emt 00:00:43]} 15. bxc4 {[%clk 01:18:35]} {[%emt
00:07:14]} Ne5 {[%clk 01:02:06]} {[%emt 00:00:19]} 16. Nd2 {[%clk 01:16:12]}
{[%emt 00:02:53]} Re8 {[%clk 00:59:24]} {[%emt 00:03:12]} 17. Bb2 {[%clk
01:12:17]} {[%emt 00:04:25]} Ng6 {[%clk 00:53:19]} {[%emt 00:06:35]} 18. Nce4
{[%clk 00:44:02]} {[%emt 00:28:45]} Nxe4 {[%clk 00:45:13]} {[%emt 00:08:36]} 19.
Nxe4 {[%clk 00:44:24]} {[%emt 00:00:08]} Be5 {[%clk 00:42:53]} {[%emt
00:02:50]} 20. Bxe5 {[%clk 00:34:10]} {[%emt 00:10:44]} Nxe5 {[%clk 00:42:44]}
{[%emt 00:00:39]} 21. Rac1 {[%clk 00:34:05]} {[%emt 00:00:35]} f5 {[%clk
00:40:10]} {[%emt 00:03:04]} 22. Nd2 {[%clk 00:34:09]} {[%emt 00:00:26]} Qd6
{[%clk 00:39:12]} {[%emt 00:01:27]} 23. h3 {[%clk 00:32:36]} {[%emt 00:02:03]}
Re7 {[%clk 00:38:57]} {[%emt 00:00:46]} 24. f4 {[%clk 00:22:23]} {[%emt
00:10:42]} Nf7 {[%clk 00:37:21]} {[%emt 00:02:06]} 25. Qd3 {[%clk 00:19:40]}
{[%emt 00:03:13]} g6 {[%clk 00:34:48]} {[%emt 00:03:04]} 26. Re1 {[%clk
00:14:44]} {[%emt 00:05:26]} Rce8 {[%clk 00:34:46]} {[%emt 00:00:32]} 27. Kf2
{[%clk 00:13:22]} {[%emt 00:01:52]} Rxe1 {[%clk 00:30:45]} {[%emt 00:04:31]} 28.
Rxe1 {[%clk 00:13:50]} {[%emt 00:00:02]} Rxe1 {[%clk 00:31:06]} {[%emt
00:00:09]} 29. Kxe1 {[%clk 00:14:17]} {[%emt 00:00:03]} Qe7+ {[%clk 00:31:17]}
{[%emt 00:00:19]} 30. Kf2 {[%clk 00:10:15]} {[%emt 00:04:32]} Qf6 {[%clk
00:25:39]} {[%emt 00:06:07]} 31. Bf1 {[%clk 00:09:17]} {[%emt 00:01:29]} g5
{[%clk 00:08:06]} {[%emt 00:18:03]} 32. Qe3 {[%clk 00:08:12]} {[%emt 00:01:35]}
gxf4 {[%clk 00:07:30]} {[%emt 00:01:06]} 33. Qxf4 {[%clk 00:08:00]} {[%emt
00:00:41]} Kg7 {[%clk 00:06:54]} {[%emt 00:01:07]} 34. Nf3 {[%clk 00:06:09]}
{[%emt 00:02:21]} Nd6 {[%clk 00:04:37]} {[%emt 00:02:47]} 35. Ne5 {[%clk
00:06:18]} {[%emt 00:00:21]} b5 {[%clk 00:02:08]} {[%emt 00:03:00]} 36. cxb5
{[%clk 00:05:29]} {[%emt 00:01:18]} Bxb5 {[%clk 00:02:29]} {[%emt 00:00:09]} 37.
Bxb5 {[%clk 00:01:41]} {[%emt 00:04:18]} Nxb5 {[%clk 00:02:58]} 1/2-1/2

[Event "European Chess Club Cup 2023"]
[Site "Durres, Albania"]
[Date "2023.10.06"]
[Round "6.70"]
[White "Korsunsky, Yuri"]
[Black "Varga, Zoltan"]
[Result "0-1"]
[TimeControl "90' + 30' & 30\""]
[WhiteElo "2384"]
[BlackElo "2356"]

1. e4 {[%clk 01:30:58]} d6 {[%clk 01:30:42]} {[%emt 00:00:19]} 2. d4 {[%clk
01:31:15]} {[%emt 00:00:13]} Nf6 {[%clk 01:31:09]} {[%emt 00:00:03]} 3. Nc3
{[%clk 01:31:36]} {[%emt 00:00:09]} Nbd7 {[%clk 01:31:36]} {[%emt 00:00:03]} 4.
Be3 {[%clk 01:28:01]} {[%emt 00:04:04]} c6 {[%clk 01:31:41]} {[%emt 00:00:26]}
5. Qd2 {[%clk 01:23:16]} {[%emt 00:05:15]} b5 {[%clk 01:19:37]} {[%emt
00:12:34]} 6. f3 {[%clk 01:17:30]} {[%emt 00:06:16]} Nb6 {[%clk 01:16:57]}
{[%emt 00:03:10]} 7. Bd3 {[%clk 01:13:04]} {[%emt 00:04:57]} e5 {[%clk
01:13:07]} {[%emt 00:04:19]} 8. Nge2 {[%clk 01:11:34]} {[%emt 00:02:00]} Be7
{[%clk 01:11:40]} {[%emt 00:01:57]} 9. a4 {[%clk 01:01:36]} {[%emt 00:10:28]}
b4 {[%clk 01:07:22]} {[%emt 00:04:48]} 10. Nd1 {[%clk 01:00:52]} {[%emt
00:01:14]} a5 {[%clk 01:07:00]} {[%emt 00:00:52]} 11. c3 {[%clk 00:53:06]}
{[%emt 00:08:15]} O-O {[%clk 01:05:51]} {[%emt 00:01:39]} 12. cxb4 {[%clk
00:49:37]} {[%emt 00:03:59]} axb4 {[%clk 01:05:58]} {[%emt 00:00:23]} 13. dxe5
{[%clk 00:49:47]} {[%emt 00:00:21]} dxe5 {[%clk 01:06:07]} {[%emt 00:00:21]} 14.
b3 {[%clk 00:50:10]} {[%emt 00:00:06]} Be6 {[%clk 01:05:34]} {[%emt 00:01:04]}
15. Qc2 {[%clk 00:47:20]} {[%emt 00:03:20]} Nfd7 {[%clk 00:46:31]} {[%emt
00:19:33]} 16. Nb2 {[%clk 00:44:00]} {[%emt 00:03:49]} Ra5 {[%clk 00:42:18]}
{[%emt 00:04:44]} 17. Bc4 {[%clk 00:31:39]} {[%emt 00:12:50]} Bc5 {[%clk
00:39:44]} {[%emt 00:03:05]} 18. Bxc5 {[%clk 00:29:06]} {[%emt 00:03:03]} Rxc5
{[%clk 00:39:46]} {[%emt 00:00:28]} 19. Nd3 {[%clk 00:25:17]} {[%emt 00:04:19]}
Nxc4 {[%clk 00:30:23]} {[%emt 00:09:53]} 20. Nxc5 {[%clk 00:25:37]} {[%emt
00:00:09]} Nxc5 {[%clk 00:30:23]} {[%emt 00:00:31]} 21. bxc4 {[%clk 00:23:48]}
{[%emt 00:02:19]} b3 {[%clk 00:29:58]} {[%emt 00:00:55]} 22. Qc3 {[%clk
00:23:08]} {[%emt 00:01:10]} b2 {[%clk 00:25:48]} {[%emt 00:04:40]} 23. Rb1
{[%clk 00:21:06]} {[%emt 00:02:32]} Nxa4 {[%clk 00:26:17]} {[%emt 00:00:02]} 24.
Qb4 {[%clk 00:17:39]} {[%emt 00:03:56]} Qd3 {[%clk 00:18:47]} {[%emt 00:08:00]}
25. O-O {[%clk 00:18:00]} {[%emt 00:00:09]} Qc2 {[%clk 00:18:57]} {[%emt
00:00:20]} 26. Rfd1 {[%clk 00:09:18]} {[%emt 00:09:12]} Bxc4 {[%clk 00:17:44]}
{[%emt 00:01:42]} 27. Qd2 {[%clk 00:08:48]} {[%emt 00:01:00]} Qxd2 {[%clk
00:14:21]} {[%emt 00:03:54]} 28. Rxd2 {[%clk 00:09:17]} Rb8 {[%clk 00:14:42]}
{[%emt 00:00:09]} 29. Nc3 {[%clk 00:05:22]} {[%emt 00:04:26]} Nxc3 {[%clk
00:15:03]} {[%emt 00:00:09]} 30. Rbxb2 {[%clk 00:05:51]} Bb5 {[%clk 00:15:06]}
{[%emt 00:00:26]} 31. Rdc2 {[%clk 00:05:21]} {[%emt 00:01:00]} Nd1 {[%clk
00:14:48]} {[%emt 00:00:48]} 32. Rb1 {[%clk 00:05:21]} {[%emt 00:00:30]} Rd8
{[%clk 00:14:58]} {[%emt 00:00:20]} 33. Rb3 {[%clk 00:05:15]} {[%emt 00:00:36]}
g5 {[%clk 00:14:05]} {[%emt 00:01:24]} 34. Ra3 {[%clk 00:05:43]} {[%emt
00:00:02]} Kg7 {[%clk 00:14:15]} {[%emt 00:00:19]} 35. g4 {[%clk 00:05:17]}
{[%emt 00:00:56]} Rd7 {[%clk 00:14:22]} {[%emt 00:00:23]} 36. h3 {[%clk
00:05:33]} {[%emt 00:00:14]} h5 {[%clk 00:13:18]} {[%emt 00:01:34]} 37. gxh5
{[%clk 00:04:37]} {[%emt 00:01:26]} Kh6 {[%clk 00:13:44]} {[%emt 00:00:04]} 38.
Kh2 {[%clk 00:04:57]} {[%emt 00:00:10]} Kxh5 {[%clk 00:14:09]} {[%emt
00:00:06]} 39. Kg3 {[%clk 00:05:26]} Kg6 {[%clk 00:14:20]} {[%emt 00:00:19]} 40.
h4 {[%clk 00:05:10]} {[%emt 00:00:46]} Rd8 {[%clk 00:12:05]} {[%emt 00:02:46]}
41. hxg5 {[%clk 00:26:25]} {[%emt 00:09:14]} Kxg5 {[%clk 00:42:12]} {[%emt
00:00:23]} 42. Rc5 {[%clk 00:26:41]} {[%emt 00:00:13]} Kf6 {[%clk 00:42:12]}
{[%emt 00:00:29]} 43. f4 {[%clk 00:27:08]} {[%emt 00:00:04]} Rg8+ {[%clk
00:39:56]} {[%emt 00:02:47]} 44. Kf3 {[%clk 00:27:33]} {[%emt 00:00:06]} exf4
{[%clk 00:40:20]} {[%emt 00:00:05]} 45. Kxf4 {[%clk 00:27:13]} {[%emt
00:00:50]} Nb2 {[%clk 00:38:19]} {[%emt 00:02:31]} 46. Rf5+ {[%clk 00:26:03]}
{[%emt 00:01:41]} Ke6 {[%clk 00:38:16]} {[%emt 00:00:32]} 47. Re5+ {[%clk
00:26:32]} {[%emt 00:00:01]} Kd6 {[%clk 00:38:35]} {[%emt 00:00:12]} 48. Rh5
{[%clk 00:26:55]} {[%emt 00:00:07]} Nd3+ {[%clk 00:38:18]} {[%emt 00:00:46]} 49.
Kf5 {[%clk 00:27:17]} {[%emt 00:00:08]} Bc4 {[%clk 00:36:45]} {[%emt 00:02:04]}
50. Rg5 {[%clk 00:18:44]} {[%emt 00:09:02]} Rxg5+ {[%clk 00:34:15]} {[%emt
00:02:59]} 51. Kxg5 {[%clk 00:19:07]} {[%emt 00:00:08]} Ke5 {[%clk 00:34:42]}
{[%emt 00:00:03]} 52. Rc3 {[%clk 00:19:14]} {[%emt 00:00:21]} Kd4 {[%clk
00:34:27]} {[%emt 00:00:47]} 53. Rc2 {[%clk 00:19:29]} {[%emt 00:00:15]} c5
{[%clk 00:34:38]} {[%emt 00:00:19]} 0-1

[Event "European Chess Club Cup 2023"]
[Site "Durres, Albania"]
[Date "2023.10.06"]
[Round "6.71"]
[White "Csonka, Attila Istvan"]
[Black "Slavin, Gennadie"]
[Result "1/2-1/2"]
[TimeControl "90' + 30' & 30\""]
[WhiteElo "2297"]
[BlackElo "2235"]

1. e4 {[%clk 01:30:56]} {[%emt 00:00:03]} e6 {[%clk 01:30:50]} {[%emt
00:00:11]} 2. d4 {[%clk 01:31:20]} {[%emt 00:00:06]} d5 {[%clk 01:31:15]}
{[%emt 00:00:06]} 3. Nd2 {[%clk 01:31:42]} {[%emt 00:00:07]} Nf6 {[%clk
01:31:35]} {[%emt 00:00:10]} 4. e5 {[%clk 01:32:06]} {[%emt 00:00:06]} Ne4
{[%clk 01:31:56]} {[%emt 00:00:10]} 5. Bd3 {[%clk 01:32:07]} {[%emt 00:00:28]}
Nxd2 {[%clk 01:32:12]} {[%emt 00:00:14]} 6. Bxd2 {[%clk 01:32:31]} {[%emt
00:00:06]} c5 {[%clk 01:32:24]} {[%emt 00:00:17]} 7. c3 {[%clk 01:32:56]}
{[%emt 00:00:06]} cxd4 {[%clk 01:27:50]} {[%emt 00:05:04]} 8. cxd4 {[%emt
00:02:51]} Qb6 {[%clk 01:27:53]} 9. Ne2 {[%clk 01:31:23]} {[%emt 00:00:07]} Bd7
{[%clk 01:17:51]} {[%emt 00:10:33]} 10. a4 {[%clk 01:27:15]} {[%emt 00:04:39]}
Nc6 {[%clk 01:11:29]} {[%emt 00:06:51]} 11. Bc3 {[%clk 01:20:49]} {[%emt
00:06:55]} Bb4 {[%clk 00:59:48]} {[%emt 00:12:12]} 12. O-O {[%clk 01:20:05]}
{[%emt 00:01:13]} Rc8 {[%clk 00:51:47]} {[%emt 00:08:31]} 13. f4 {[%clk
01:17:37]} {[%emt 00:02:59]} g6 {[%clk 00:47:29]} {[%emt 00:04:47]} 14. Kh1
{[%clk 01:16:38]} {[%emt 00:01:29]} O-O {[%clk 00:40:31]} {[%emt 00:07:29]} 15.
Qe1 {[%clk 01:12:48]} {[%emt 00:04:20]} Bxc3 {[%clk 00:30:15]} {[%emt
00:10:46]} 16. bxc3 {[%clk 01:10:17]} {[%emt 00:03:01]} f5 {[%clk 00:29:27]}
{[%emt 00:01:17]} 17. exf6 {[%clk 01:06:15]} {[%emt 00:04:33]} Rxf6 {[%clk
00:29:31]} {[%emt 00:00:26]} 18. Rf3 {[%clk 00:58:31]} {[%emt 00:08:14]} Qd8
{[%clk 00:24:14]} {[%emt 00:05:47]} 19. Re3 {[%clk 00:55:51]} {[%emt 00:03:10]}
Na5 {[%clk 00:23:19]} {[%emt 00:01:25]} 20. Qh4 {[%clk 00:52:23]} {[%emt
00:03:57]} Rf7 {[%clk 00:21:40]} {[%emt 00:02:10]} 21. Qh6 {[%clk 00:40:27]}
{[%emt 00:12:26]} Qf8 {[%clk 00:18:31]} {[%emt 00:03:39]} 22. Qg5 {[%clk
00:38:07]} {[%emt 00:02:50]} Qe7 {[%clk 00:15:45]} {[%emt 00:03:16]} 23. h4
{[%clk 00:32:42]} {[%emt 00:05:55]} Nc4 {[%clk 00:13:47]} {[%emt 00:02:27]} 24.
Qxe7 {[%clk 00:26:57]} {[%emt 00:06:16]} Rxe7 {[%clk 00:14:02]} {[%emt
00:00:15]} 25. Bxc4 {[%clk 00:27:23]} {[%emt 00:00:04]} Rxc4 {[%clk 00:13:53]}
{[%emt 00:00:38]} 26. a5 {[%clk 00:27:48]} {[%emt 00:00:05]} Ra4 {[%clk
00:12:23]} {[%emt 00:01:59]} 27. Rxa4 {[%clk 00:28:08]} {[%emt 00:00:11]} Bxa4
{[%clk 00:12:49]} {[%emt 00:00:05]} 28. Ng1 {[%clk 00:28:32]} {[%emt 00:00:05]}
Bd1 {[%clk 00:11:42]} {[%emt 00:01:38]} 29. Nh3 {[%clk 00:28:55]} {[%emt
00:00:06]} Kf7 {[%clk 00:09:16]} {[%emt 00:02:55]} 30. Nf2 {[%clk 00:28:05]}
{[%emt 00:01:21]} Bc2 {[%clk 00:08:44]} {[%emt 00:01:03]} 31. Re2 {[%clk
00:25:36]} {[%emt 00:02:59]} Ba4 {[%clk 00:07:29]} {[%emt 00:01:45]} 32. Nd3
{[%clk 00:25:13]} {[%emt 00:00:53]} Bb5 {[%clk 00:04:47]} {[%emt 00:03:12]} 33.
Ne5+ {[%clk 00:25:34]} {[%emt 00:00:09]} Kf6 {[%clk 00:05:03]} {[%emt
00:00:14]} 34. Re3 {[%clk 00:24:30]} {[%emt 00:01:34]} Rc7 {[%clk 00:02:20]}
{[%emt 00:03:13]} 35. Kh2 {[%clk 00:22:48]} {[%emt 00:02:12]} Ba4 {[%clk
00:02:18]} {[%emt 00:00:32]} 36. g4 {[%clk 00:21:41]} {[%emt 00:01:37]} Bc2
{[%clk 00:01:53]} {[%emt 00:00:54]} 37. Kg3 {[%clk 00:17:45]} {[%emt 00:04:26]}
b6 {[%clk 00:01:39]} {[%emt 00:00:44]} 38. axb6 {[%clk 00:18:05]} {[%emt
00:00:10]} axb6 {[%clk 00:02:05]} {[%emt 00:00:04]} 39. Kf2 {[%clk 00:13:42]}
{[%emt 00:04:53]} Be4 {[%clk 00:01:36]} {[%emt 00:00:59]} 40. g5+ {[%clk
00:11:06]} {[%emt 00:03:07]} Kg7 {[%clk 00:01:31]} {[%emt 00:00:35]} 41. Ng4
{[%clk 00:11:17]} {[%emt 00:00:18]} Ra7 {[%clk 00:00:45]} {[%emt 00:01:16]} 42.
Nf6 {[%clk 00:10:49]} {[%emt 00:00:58]} Bf5 {[%clk 00:24:51]} {[%emt 00:06:24]}
43. Ne8+ {[%clk 00:36:25]} {[%emt 00:04:54]} Kf8 {[%clk 00:19:35]} {[%emt
00:05:47]} 44. Nd6 {[%clk 00:35:59]} {[%emt 00:00:56]} Ra3 {[%clk 00:09:14]}
{[%emt 00:10:50]} 45. Nxf5 {[%clk 00:34:06]} {[%emt 00:02:23]} exf5 {[%clk
00:08:27]} {[%emt 00:01:17]} 46. Re5 {[%clk 00:27:28]} {[%emt 00:07:08]} Rxc3
{[%clk 00:04:42]} {[%emt 00:04:15]} 47. Rxd5 {[%clk 00:27:42]} {[%emt
00:00:16]} Rh3 {[%clk 00:04:26]} {[%emt 00:00:45]} 48. Rb5 {[%clk 00:26:27]}
{[%emt 00:01:46]} Rxh4 {[%clk 00:03:40]} {[%emt 00:01:17]} 49. Kg3 {[%clk
00:26:09]} {[%emt 00:00:47]} Rh1 {[%clk 00:03:39]} {[%emt 00:00:32]} 50. Rxb6
{[%clk 00:26:14]} {[%emt 00:00:25]} Rd1 {[%clk 00:03:52]} {[%emt 00:00:16]} 51.
Rb4 {[%clk 00:26:00]} {[%emt 00:00:44]} Rh1 {[%clk 00:01:45]} {[%emt 00:02:37]}
52. Kg2 {[%clk 00:25:25]} {[%emt 00:01:05]} Rh4 {[%clk 00:01:44]} {[%emt
00:00:31]} 53. Kf3 {[%clk 00:25:37]} {[%emt 00:00:19]} Ke7 {[%clk 00:01:30]}
{[%emt 00:00:43]} 54. Rb6 {[%clk 00:25:48]} {[%emt 00:00:19]} Kd7 {[%clk
00:01:16]} {[%emt 00:00:45]} 55. d5 {[%clk 00:25:24]} {[%emt 00:00:53]} Kc7
{[%clk 00:01:07]} {[%emt 00:00:39]} 56. Rc6+ {[%clk 00:24:06]} {[%emt
00:01:48]} Kd7 {[%clk 00:01:28]} {[%emt 00:00:09]} 57. Ke3 {[%clk 00:24:30]}
{[%emt 00:00:06]} Ke7 {[%clk 00:01:24]} {[%emt 00:00:35]} 58. Re6+ {[%clk
00:19:39]} {[%emt 00:05:20]} Kd7 {[%clk 00:01:29]} {[%emt 00:00:25]} 59. Rf6
{[%clk 00:19:38]} {[%emt 00:00:31]} Rh1 {[%clk 00:00:52]} {[%emt 00:01:07]} 60.
Ra6 {[%clk 00:18:17]} {[%emt 00:01:52]} Rd1 {[%clk 00:01:00]} {[%emt 00:00:22]}
1/2-1/2